000 00336nam a2200145Ia 4500
008 150201s2003 xx 000 0 und d
082 _a612
_bP2003P
100 _aPANDA U.N.
245 _aPHYSIOLOGY FOR DENTAL STUDENTS
250 _a1ST
260 _bAITBS
_aDELHI
_c2003
300 _a1-176
650 _aPHYSIOLOGY
942 _2ddc
_cBK
999 _c3046
_d3046